नया सिलेैबस नया पैटर्न मध्य प्रदेश सामान्य ज्ञान 2021 (Record no. 63474)
[ view plain ]
| 000 -LEADER | |
|---|---|
| fixed length control field | 00590nam a22001577a 4500 |
| 003 - CONTROL NUMBER IDENTIFIER | |
| control field | macl |
| 005 - DATE AND TIME OF LATEST TRANSACTION | |
| control field | 20201003154353.0 |
| 008 - FIXED-LENGTH DATA ELEMENTS--GENERAL INFORMATION | |
| fixed length control field | 201003b xxu||||| |||| 00| 0 eng d |
| 040 ## - CATALOGING SOURCE | |
| Transcribing agency | macl |
| 082 ## - DEWEY DECIMAL CLASSIFICATION NUMBER | |
| Classification number | 001 |
| 100 ## - MAIN ENTRY--PERSONAL NAME | |
| Personal name | मुकेश महेश्वरी |
| 9 (RLIN) | 79935 |
| 245 ## - TITLE STATEMENT | |
| Title | नया सिलेैबस नया पैटर्न मध्य प्रदेश सामान्य ज्ञान 2021 |
| 260 ## - PUBLICATION, DISTRIBUTION, ETC. (IMPRINT) | |
| Place of publication, distribution, etc. | इन्द्रौर |
| Name of publisher, distributor, etc. | गुरूकुल |
| Date of publication, distribution, etc. | २०२१ |
| 650 ## - SUBJECT ADDED ENTRY--TOPICAL TERM | |
| Topical term or geographic name as entry element | सामान्य ज्ञान |
| 9 (RLIN) | 328 |
| 942 ## - ADDED ENTRY ELEMENTS (KOHA) | |
| Source of classification or shelving scheme | |
| Koha item type | Hindi Books |
| Withdrawn status | Lost status | Source of classification or shelving scheme | Damaged status | Not for loan | Home library | Current library | Date acquired | Cost, normal purchase price | Total Checkouts | Total Renewals | Full call number | Barcode | Date last seen | Date last checked out | Price effective from | Koha item type |
|---|---|---|---|---|---|---|---|---|---|---|---|---|---|---|---|---|
| MACL | MACL | 03/10/2020 | 480.00 | 6 | 001 | GCLC00920 | 11/10/2022 | 11/10/2022 | 03/10/2020 | Hindi Books | ||||||
| MACL | MACL | 03/10/2020 | 480.00 | 5 | 001 | GCLC00921 | 18/11/2023 | 11/11/2023 | 03/10/2020 | Hindi Books |









